00313nam a2200109Ia 4500008004100000020002200041082002000063100002300083245006400106260002300170300001000193210430s9999 xx 000 0 und d a978-81-265-2489-1 a660.0285 F4911I aBruce A. Finlayson aIntroduction to Chemical Engineering Computing /cFinlayson aIndiabWileyc2010 a339 p